Statistics for Culinary Quiz 3

Click here to take the quiz!

General Stats

  • This quiz has been taken 39 times
  • The average score is 6 of 20

Answer Stats

QuestionAnswer% Correct
What food is pronounced "keen wha"?Quinoa
100%
Name the drink consisting mainly of tomato juice and vodkaBloody Mary
82%
What is the revolving serving tray placed on a dining table known as?Lazy Susan
76%
Name the dark savoury food spread which originated in AustraliaVegemite
74%
In which country would you be likely to eat bush tucker?Australia
47%
What is another name for cilantro?Coriander
47%
What is the name of the cylindrical oven used in India and some other Asian countries?Tandoor
41%
What process typically involves the breaking down of sugars in the absence of oxygen?Fermentation
35%
Who was falsely believed to have said “Qu’ils mangent de la brioche!”?Marie Antoinette
29%
What is the (usually) metal stand used to protect surfaces from hot pots and pans called?Trivet
21%
Sweetbreads are the common name for what food?Calf thymus or pancreas
18%
Aliments, eten, kos and cibo mean what in English?Food
15%
Name the kitchen appliance that flash freezes food on it's metal topAnti griddle
12%
What is the main component of the nest in bird's nest soup?Saliva
12%
Name the ingredient beginning with "A", sometimes called "devil's dung", used in Indian cookingAsafoetida
6%
Name the rectangular (usually) metal tool used to divide doughBench knife
6%
What is the aril of nutmeg called?Mace
6%
What potential threat is posed by handling quantities of grain, flour, starch, sugar, powdered milk, cocoa, coffee, and pollen?Dust explosion
3%
What is the Scottish soup of smoked fish, potatoes and onions known as?Cullen skink
0%
What type of food was believed have originated in China, with it's name meaning "three pieces"?Satay
0%

Score Distribution

Percentile by Number Answered

Percent of People with Each Score

Your Score History

You have not taken this quiz